000 00546nam a2200193 a 4500
001 1770805515479
003 YourLibrary
005 20260211155850.0
008 260211s1998##################000#0#eng##
020 _a9780521635790
082 0 4 _a333.95
_bSWA
100 1 _aSwanson, Timothy M.,
_eauthor.
245 1 0 _aThe Economics and Ecology of Biodiversity Decline :
260 _bCambridge University Press,
_c1998.
300 _a180 pages
650 0 _aBusiness & Economics.
942 _cENGLISH
040 _aYourLibrary
_beng
_cYourLibrary
999 _c611801
_d611801